000 01372nam a2200301 a 4500
001 ebr10216842
003 CaPaEBR
006 m u
007 cr cn|||||||||
008 080110s2008 dcu s 100 0 eng
010 _z 2008920687
020 _z9781586038366 (hardcover)
040 _aCaPaEBR
_cCaPaEBR
035 _a(OCoLC)648350193
050 1 4 _aHV6773
_b.R47 2008eb
245 0 0 _aResponses to cyber terrorism
_h[electronic resource] /
_cedited by Centre of Excellence Defence Against Terrorism, Ankara, Turkey.
260 _aWashington, DC :
_bIOS Press,
_c2008.
300 _axv, 145 p.
490 0 _aNATO science for peace and security series. Sub-series E: Human and societal dynamics,
_x1874-6276 ;
_vv. 34
500 _a"Published in cooperation with NATO Public Diplomacy Division."
533 _aElectronic reproduction.
_bPalo Alto, Calif. :
_cebrary,
_d2013.
_nAvailable via World Wide Web.
_nAccess may be limited to ebrary affiliated libraries.
650 0 _aCyberterrorism
_vCongresses.
655 7 _aElectronic books.
_2local
710 2 _aCentre of Excellence Defence Against Terrorism.
710 2 _aNorth Atlantic Treaty Organization.
_bPublic Diplomacy Division.
710 2 _aebrary, Inc.
856 4 0 _uhttp://site.ebrary.com/lib/rucke/Doc?id=10216842
_zAn electronic book accessible through the World Wide Web; click to view
999 _c128556
_d128556